A contraluz /

Kaydedildi:
Detaylı Bibliyografya
Yazar: Cusk, Rachel (autor)
Diğer Yazarlar: Alcaraz, Marta (traducción) (traducción)
Materyal Türü: Kitap
Dil:İspanyolca
Baskı/Yayın Bilgisi: Barcelona, España : Libros del Asteroide, 2016, c2016
Seri Bilgileri:(Libros del Asteroide ; 170)
Konular:
Etiketler: Etiketle

MARC

LEADER 00000nam^a2200000^a^4500
001 000420493
005 20250521000000.0
009 20260310122511.72
020 |a 978-84-16213-82-5 
037 |a Acervo ITESO - Biblioteca 
041 |a ESP 
082 |a 823.  |b CUS 
100 |a Cusk, Rachel  |e (autor) 
240 1 1 |a [Trilogía de Rachel Cusk] 
245 1 0 |a A contraluz /  |c R. Cusk ; tr. por M. Alcaraz. 
264 4 |a Barcelona, España :  |b Libros del Asteroide,  |c 2016, c2016 
300 |a 218 p. 
336 |a texto  |b txt  |2 rdacontenido 
337 |a sin mediación  |b n  |2 rdamedio 
338 |a volumen  |b nc  |2 rdasoporte 
440 1 |a (Libros del Asteroide ;  |v 170) 
500 |a Traducción de: Outline 
521 |a FIL 2019 DIA 
649 |a XX 
650 |a Escritores en la Literatura 
650 |a Conversaciones 
650 |a Novela Inglesa 
650 |a Psicología y Literatura 
650 |a Literatura de Mujeres -  |z Inglaterra 
650 |a Literatura Inglesa -  |y Siglo XXI 
650 |a Atenas, Grecia en la Literatura 
650 |a Grecia en la Literatura 
700 |a Alcaraz, Marta  |e (traducción) 
910 |a Fondo General 
920 |a Impresos - Libros 
930 |a Colección General 
940 |a Literatura 
905 |a 101 
901 |a 0500339620  |b IT1  |c LIT  |i C169167  |u 20250521 
902 |a https://opac.biblio.iteso.mx/vufind/Record/000420493